000 00315nam a22001457a 4500
020 _a978-1-25-900336-3
041 _aENG
100 _aRaju.N.K
245 _aPrestressed Concrete
250 _aFifit Rd
260 _aNew Delhi
_bTata McGraw Hill
_c2012
300 _a812
650 _aFS
856 _uFS ( 08 )
999 _c2442
_d2442